000 00589nam a2200217Ia 4500
003 OSt
005 20220926044759.0
006 a|||||r|||| 00| 0
007 ta
008 220923b |||||||| |||| 00| 0 eng d
037 _cGeneral Book
040 _aRTL
_cRTL
_beng
041 _2eng
_aeng
082 _aX:93.2.N66t, K6/GD
110 _aIndia,Dearness Allowance (Commission--)
_9349428
245 0 _aReport
260 _c1966
700 _aIndia,Dearness Allowance (Commission--)
_9349429
942 _hX:93.2.N66t, K6/GD
_cGB
_2CC
999 _c675840
_d675840